|
|
|
|
| LEADER |
00000cam a2200000 7i4500 |
| 001 |
0000095329 |
| 005 |
20250613153552.0 |
| 020 |
|
|
|a 9786297705002 (
|q set)
|
| 020 |
|
|
|a 9786297705071 (
|q paperback)
|
| 040 |
|
|
|e rda
|
| 041 |
|
|
|a Malay
|
| 090 |
0 |
0 |
|a MOR
|b MAL
|
| 100 |
0 |
|
|a Atikah Azmi ,
|e (author)
|
| 245 |
0 |
0 |
|a Terlalu stres
|c Atikah Azmi
|
| 264 |
|
1 |
|a Puchong, Selangor :
|b Penerbitan Minda Etika
|c 2025
|
| 300 |
|
|
|a 73 pages :
|b illustrations ;
|c 21 cm.
|
| 336 |
|
|
|a text
|2 rdacontent
|
| 337 |
|
|
|a unmediated
|2 rdamedia
|
| 338 |
|
|
|a volume
|2 rdacarrier
|
| 490 |
1 |
|
|a Siri batasan dan teladan remaja
|
| 500 |
|
|
|a Children ages 10-12 years old (pink)
|
| 541 |
|
|
|c Purchased on 2025
|f 064/25 IMS
|h RM22.50
|
| 650 |
1 |
0 |
|a Children's stories,Malay
|
| 650 |
2 |
0 |
|a Didactic fiction, Malay
|
| 650 |
2 |
0 |
|a Young adult fiction, Malay
|
| 999 |
|
|
|a 0001816340
|b Book
|c Children Collection
|e Desa - PPAJ
|
| 999 |
|
|
|a 0001816341
|b Book
|c Children Collection
|e Desa - PPAJ
|
| 999 |
|
|
|a 0001816342
|b Book
|c Children Collection
|e Desa - PPAJ
|
| 999 |
|
|
|a 0001816343
|b Book
|c Children Collection
|e Desa - PPAJ
|
| 999 |
|
|
|a 0001816344
|b Book
|c Children Collection
|e Desa - PPAJ
|
| 999 |
|
|
|a 0001816345
|b Book
|c Children Collection
|e Desa - PPAJ
|
| 999 |
|
|
|a 0001816346
|b Book
|c Children Collection
|e Desa - PPAJ
|
| 999 |
|
|
|a 0001816347
|b Book
|c Children Collection
|e Desa - PPAJ
|
| 999 |
|
|
|a 0001816348
|b Book
|c Children Collection
|e Desa - PPAJ
|
| 999 |
|
|
|a 0001816349
|b Book
|c Children Collection
|e Desa - PPAJ
|
| 999 |
|
|
|a 0001816350
|b Book
|c Children Collection
|e Desa - PPAJ
|
| 999 |
|
|
|a 0001816351
|b Book
|c Children Collection
|e Desa - PPAJ
|
| 999 |
|
|
|a 0001816352
|b Book
|c Children Collection
|e Desa - PPAJ
|
| 999 |
|
|
|a 0001816353
|b Book
|c Children Collection
|e Desa - PPAJ
|
| 999 |
|
|
|a 0001816354
|b Book
|c Children Collection
|e Desa - PPAJ
|
| 999 |
|
|
|a 0001816355
|b Book
|c Children Collection
|e Desa - PPAJ
|
| 999 |
|
|
|a 0001816356
|b Book
|c Children Collection
|e Desa - PPAJ
|
| 999 |
|
|
|a 0001816357
|b Book
|c Children Collection
|e Desa - PPAJ
|
| 999 |
|
|
|a 0001816358
|b Book
|c Children Collection
|e Desa - PPAJ
|
| 999 |
|
|
|a 0001816359
|b Book
|c Children Collection
|e Desa - PPAJ
|
| 999 |
|
|
|a 0001816360
|b Book
|c Children Collection
|e Desa - PPAJ
|
| 999 |
|
|
|a 0001816361
|b Book
|c Children Collection
|e Desa - PPAJ
|
| 999 |
|
|
|a 0001816362
|b Book
|c Children Collection
|e Desa - PPAJ
|
| 999 |
|
|
|a 0001816363
|b Book
|c Children Collection
|e Desa - PPAJ
|
| 999 |
|
|
|a 0001816364
|b Book
|c Children Collection
|e Desa - PPAJ
|
| 999 |
|
|
|a 0001816365
|b Book
|c Children Collection
|e Desa - PPAJ
|
| 999 |
|
|
|a 0001816366
|b Book
|c Children Collection
|e Desa - PPAJ
|
| 999 |
|
|
|a 0001816367
|b Book
|c Children Collection
|e Desa - PPAJ
|
| 999 |
|
|
|a 0001816368
|b Book
|c Children Collection
|e Desa - PPAJ
|
| 999 |
|
|
|a 0001816369
|b Book
|c Children Collection
|e Desa - PPAJ
|
| 999 |
|
|
|a 0001816370
|b Book
|c Children Collection
|e Desa - PPAJ
|
| 999 |
|
|
|a 0001816371
|b Book
|c Children Collection
|e Desa - PPAJ
|
| 999 |
|
|
|a 0001816372
|b Book
|c Children Collection
|e Desa - PPAJ
|
| 999 |
|
|
|a 0001816373
|b Book
|c Children Collection
|e Desa - PPAJ
|
| 999 |
|
|
|a 0001816374
|b Book
|c Children Collection
|e Desa - PPAJ
|
| 999 |
|
|
|a 0001816375
|b Book
|c Children Collection
|e Desa - PPAJ
|
| 999 |
|
|
|a 0001816376
|b Book
|c Children Collection
|e Desa - PPAJ
|
| 999 |
|
|
|a 0001816377
|b Book
|c Children Collection
|e Desa - PPAJ
|
| 999 |
|
|
|a 0001816378
|b Book
|c Children Collection
|e Desa - PPAJ
|
| 999 |
|
|
|a 0001816379
|b Book
|c Children Collection
|e Desa - PPAJ
|
| 999 |
|
|
|a 0001816380
|b Book
|c Children Collection
|e Desa - PPAJ
|